| 000 | 00460cam a2200193ua 4500 | ||
|---|---|---|---|
| 001 | 6231 | ||
| 008 | 131123n ii |||gr||||Z||||||eng | ||
| 020 | _a81-7096-095-9 | ||
| 040 | _cMAIN | ||
| 082 | _a510 | ||
| 245 | 1 | 1 |
_aBusiness mathematics _cBy N.K. Nag |
| 250 | _a3rd ed. | ||
| 260 |
_aLudhiana: _bKalyani publishers, _c1988. |
||
| 300 | _ax,598p. | ||
| 653 | _aCommerce | ||
| 653 | _aBusiness mathematics | ||
| 700 | 1 |
_aNag,N.K., _eAuthor. |
|
| 942 | _cBK | ||
| 999 |
_c5383 _d5383 |
||